Reservoir Formation Damage : (Record no. 8895)
[ view plain ]
| 000 -LEADER | |
|---|---|
| fixed length control field | 01609nac a22002891u 4500 |
| 008 - FIXED-LENGTH DATA ELEMENTS--GENERAL INFORMATION | |
| fixed length control field | 090609t xxu||||| |||| 00| 0 eng d |
| 010 ## - LIBRARY OF CONGRESS CONTROL NUMBER | |
| LC control number | 2006036419 |
| 020 ## - INTERNATIONAL STANDARD BOOK NUMBER | |
| International Standard Book Number | 9780750677387 (acid-free paper) |
| 020 ## - INTERNATIONAL STANDARD BOOK NUMBER | |
| International Standard Book Number | 0750677384 (acid-free paper) |
| 035 ## - SYSTEM CONTROL NUMBER | |
| System control number | (OCoLC)ocm74941966 |
| 035 ## - SYSTEM CONTROL NUMBER | |
| System control number | (OCoLC)74941966 |
| 082 00 - DEWEY DECIMAL CLASSIFICATION NUMBER | |
| Classification number | 622.338 |
| Item number | CIV |
| 100 ## - MAIN ENTRY--PERSONAL NAME | |
| Personal name | Civan, Faruk. |
| 9 (RLIN) | 5970 |
| 245 10 - TITLE STATEMENT | |
| Title | Reservoir Formation Damage : |
| Remainder of title | Fundamentals, Modeling, Assessment, and Mitigation / |
| Statement of responsibility, etc | Faruk Civan. |
| 250 ## - EDITION STATEMENT | |
| Edition statement | 2nd ed. |
| 260 ## - PUBLICATION, DISTRIBUTION, ETC. (IMPRINT) | |
| Place of publication, distribution, etc | Amsterdam ; |
| -- | Boston : |
| Name of publisher, distributor, etc | Gulf Professional Pub., |
| Date of publication, distribution, etc | c2007. |
| 300 ## - PHYSICAL DESCRIPTION | |
| Extent | xx, 1114 p. : |
| Other physical details | ill. ; |
| Dimensions | 24 cm. |
| 504 ## - BIBLIOGRAPHY, ETC. NOTE | |
| Bibliography, etc | Includes bibliographical references (p. 1028-1089) and index. |
| 650 #0 - SUBJECT ADDED ENTRY--TOPICAL TERM | |
| Topical term or geographic name as entry element | Hydrocarbon reservoirs. |
| 9 (RLIN) | 5971 |
| 650 #0 - SUBJECT ADDED ENTRY--TOPICAL TERM | |
| Topical term or geographic name as entry element | Petroleum |
| General subdivision | Geology. |
| 9 (RLIN) | 5972 |
| 856 41 - ELECTRONIC LOCATION AND ACCESS | |
| Materials specified | Table of contents only |
| Uniform Resource Identifier | <a href="http://www.loc.gov/catdir/toc/ecip074/2006036419.html">http://www.loc.gov/catdir/toc/ecip074/2006036419.html</a> |
| 856 41 - ELECTRONIC LOCATION AND ACCESS | |
| Materials specified | Publisher description |
| Uniform Resource Identifier | <a href="http://www.loc.gov/catdir/enhancements/fy0703/2006036419-d.html">http://www.loc.gov/catdir/enhancements/fy0703/2006036419-d.html</a> |
| 942 ## - ADDED ENTRY ELEMENTS (KOHA) | |
| Item type | NB - Book (Non borrowing) |
| Call number prefix | 622.338 CIV |
| Source of classification or shelving scheme | Dewey Decimal Classification |
| Withdrawn status | Item status | Source of classification or shelving scheme | Damaged status | Not for loan | Vendor | Home library | Current library | Shelving location | Date acquired | Source of acquisition | Cost, normal purchase price | Total Checkouts | Full call number | Barcode | Date last seen | Date last borrowed | Cost, replacement price | Koha item type | Total Renewals | Serial Enumeration / chronology |
|---|---|---|---|---|---|---|---|---|---|---|---|---|---|---|---|---|---|---|---|---|
| Dewey Decimal Classification | Central Library | Central Library | First floor | 09/06/2009 | 1650.00 | 1 | 622.338 CIV | 000010437 | 15/07/2025 | 11/04/2013 | 1650.00 | NB - Book (Non borrowing) | ||||||||
| Dewey Decimal Classification | Alahram | Central Library | Central Library | First floor | 09/06/2009 | 4 | 622.338 CIV | 000007299 | 15/07/2025 | 13/11/2018 | Book - Borrowing | 20 | ||||||||
| Dewey Decimal Classification | Alahram | Central Library | Central Library | First floor | 09/06/2009 | 1200.00 | 2 | 622.338 CIV | 000016798 | 15/07/2025 | 14/03/2013 | Book - Borrowing | 11 | 370 |